| 000 | 01505nam a22003257a 4500 | ||
|---|---|---|---|
| 003 | EG-ScBUE | ||
| 005 | 20221116022705.0 | ||
| 008 | 110804s2004 ua o f b 000 0 ara d | ||
| 017 | _a2004 / 14396 | ||
| 020 | _a9773057585 | ||
| 040 |
_aEG-ScBUE _bara _erda _cEG-ScBUE _dEG-ScBUE |
||
| 041 | 1 |
_aara _heng |
|
| 082 | 0 | 4 |
_222 _a791.082 _bهـ و ل |
| 100 | 1 |
_926588 _aهوليدج، جولي، _d1950- _eمؤلف. |
|
| 240 | 1 | 0 |
_aWomen's intercultural performance. _lArabic |
| 245 | 1 | 2 |
_aالعرض المسرحي النسائي بين الثقافات / _cتأليف جولي هوليدج، جوان تومبكينز ؛ ترجمة د. محمود كامل، مركز اللغات والترجمة، أكاديمية الفنون ؛ مراجعة أ. د. نبيل راغب. |
| 264 | 1 |
_aالقاهرة : _bوزارة الثقافة، _c[2004] |
|
| 300 |
_a314 صفحة : _bصور ؛ _c24 سم |
||
| 504 | _aيشتمل على إرجاعات ببليوجرافية. | ||
| 546 | _aالنص باللغة العربية وتم ترجمته من اللغة الإنجليزية. | ||
| 650 | 7 |
_914915 _aالمسرح. _2BUEsh |
|
| 650 | 7 |
_921256 _aالعلاقات الثقافية. _2BUEsh |
|
| 650 | 7 |
_926592 _aالمرأة في الفن. _2BUEsh |
|
| 653 |
_cAugust2011 _bART |
||
| 655 | _vReading book | ||
| 700 | 1 |
_926591 _aتومبكينز، جوان، _d1961- _eمؤلف. |
|
| 700 | 1 |
_917088 _aكامل، محمود، _eمترجم. |
|
| 700 | 1 |
_916250 _aراغب، نبيل، _eمراجع. |
|
| 942 |
_2ddc _cBB |
||
| 999 |
_c15791 _d15791 |
||